00238nam a2200097Ia 4500008004100000082001200041100002000053245003200073260002000105600001500125241002s9999 xx 000 0 und d a190 KAP aKaplan, Abraham 4aThe New World of Philosophy aNew York:c1959 aPhilosophy